Score 0/300 Timer 06:00
0 Plays Today
% Correct
the
100%
me?
100%
in
100%
the
100%
blur
100%
the
100%
you
100%
I
100%
I
100%
the
100%
you
100%
me?
100%
me
100%
out
100%
in
100%
a
100%
blur
100%
out
100%
the
100%
I
100%
me
100%
out
100%
in
100%
the
100%
in
100%
I
100%
the
100%
I
100%
you
100%
a
100%
me
100%
out
100%
in
100%
the
100%
I
100%
in
100%
a
100%
blur
100%
in
100%
the
100%
I
100%
you
100%
you
100%
in
100%
I
100%
the
100%
the
100%
I
100%
me
100%
out
100%
in
100%
a
100%
blur
100%
out
100%
the
100%
I
100%
me
100%
out
100%
in
100%
the
100%
in
100%
I
100%
the
100%
I
100%
you
100%
a
100%
me
100%
out
100%
in
100%
the
100%
I
100%
in
100%
a
100%
blur
100%
in
100%
a
100%
blur
100%
in
100%
a
100%
blur
100%
me
100%
out
100%
in
100%
a
100%
blur
100%
out
100%
the
100%
I
100%
me
100%
out
100%
in
100%
the
100%
I
100%
in
100%
a
100%
Under
95.8%
moon
95.8%
tonight
95.8%
we
95.8%
I'm
95.8%
% Correct
I'm
95.8%
Under
95.8%
moon
95.8%
tonight
95.8%
can
95.8%
Let
95.8%
I'm
95.8%
now
95.8%
Let
95.8%
I'm
95.8%
lost
95.8%
head
95.8%
I'm
95.8%
Let
95.8%
I'm
95.8%
lost
95.8%
can
95.8%
to
95.8%
to
95.8%
Under
95.8%
moon
95.8%
tonight
95.8%
to
95.8%
Let
95.8%
I'm
95.8%
now
95.8%
Let
95.8%
I'm
95.8%
lost
95.8%
head
95.8%
I'm
95.8%
Let
95.8%
I'm
95.8%
lost
95.8%
Let
95.8%
I'm
95.8%
now
95.8%
Let
95.8%
I'm
95.8%
lost
95.8%
bad
91.7%
bad
91.7%
just
91.7%
bad
91.7%
bad
91.7%
trapped
91.7%
Too
91.7%
much
91.7%
my
91.7%
bad
91.7%
trapped
91.7%
bad
91.7%
bad
91.7%
just
91.7%
trapped
91.7%
Too
91.7%
much
91.7%
my
91.7%
bad
91.7%
trapped
91.7%
Trapped
91.7%
Trapped
91.7%
trapped
91.7%
trapped
91.7%
Or
87.5%
baby
87.5%
it
87.5%
Or
87.5%
it
87.5%
something
87.5%
dizzy dizzy,
87.5%
it
87.5%
be
87.5%
Baby
87.5%
help
87.5%
be
87.5%
baby
87.5%
it
87.5%
it
87.5%
be
87.5%
is
83.3%
is
83.3%
feeling
83.3%
How
83.3%
but
83.3%
but
83.3%
words
83.3%
But
83.3%
words
83.3%
how
83.3%
But
83.3%
How
83.3%
But
83.3%
but
83.3%
words
83.3%
But
83.3%
words
83.3%
how
83.3%
but
83.3%
words
83.3%
% Correct
how
83.3%
air
79.2%
that
79.2%
it's
79.2%
weird
79.2%
seen
79.2%
will
79.2%
that
79.2%
it's
79.2%
it's
79.2%
weird
79.2%
seen
79.2%
will
79.2%
that
79.2%
it's
79.2%
it's
79.2%
weird
79.2%
Cuz
75%
was
75%
was
75%
there
75%
signs
75%
tell
75%
fine
75%
your
75%
Don't
75%
do
75%
your
75%
Cuz
75%
don't
75%
signs
75%
tell
75%
fine
75%
your
75%
Don't
75%
Don't
75%
breathe
70.8%
right?
70.8%
way
70.8%
of
70.8%
time
70.8%
know
70.8%
here
70.8%
of
70.8%
time
70.8%
way
70.8%
of
70.8%
time
70.8%
know
70.8%
here
70.8%
way
70.8%
know
70.8%
here
70.8%
could
66.7%
Started
66.7%
wanted
66.7%
should've
66.7%
everything
66.7%
afraid
66.7%
waste
66.7%
Started
66.7%
wanted
66.7%
should've
66.7%
everything
66.7%
afraid
66.7%
waste
66.7%
Started
66.7%
wanted
66.7%
ah
62.5%
party
62.5%
wish
62.5%
wanna
62.5%
can't
62.5%
they
62.5%
they
62.5%
wanna
62.5%
treating
58.3%
ended
58.3%
on
58.3%
on
58.3%
ended
58.3%
ended
58.3%
ask
54.2%
need
54.2%
come
54.2%
clean
54.2%
high
50%
all
50%
seem
50%
and
50%
understand
50%
song
50%
We're
45.8%
noon
45.8%
dancing
45.8%
age
41.7%
mind?
41.7%
Yeah
37.5%
fit
33.3%
keep
33.3%
Remove Ads.
Support Sporcle.
Get the best of Sporcle when you Go Orange. This ad-free experience offers more features, more stats, and more fun while also helping to support Sporcle. Thank you for becoming a member.

You're not logged in!

Compare scores with friends on all Sporcle quizzes.
OR
Log In

Show Comments

Extras

Top Quizzes Today


Score Distribution

Your Account Isn't Verified!

In order to create a playlist on Sporcle, you need to verify the email address you used during registration. Go to your Sporcle Settings to finish the process.

Report this User

Report this user for behavior that violates our Community Guidelines.

Details: